Vplyv časového rozlíšenia nákladov a výnosov na výsledok hospodárenia spoločnosti z účtovného a daňového hľadiska diplomová práca

Gespeichert in:
Bibliographische Detailangaben
1. Verfasser: Ružeková, Andrea
Körperschaft: Národohospodárska fakulta EU. Katedra financií
Weitere Verfasser: Staríčková, Zuzana
Format: Buch
Sprache:Slowakisch
Veröffentlicht: Bratislava 2011
Tags: Tag hinzufügen
Keine Tags, Fügen Sie das erste Tag hinzu!

MARC

LEADER 00000nbm a2200000 4500
001 0130924
005 20161109101631.2
041 0 |a slo 
044 |a SK 
245 1 0 |a Vplyv časového rozlíšenia nákladov a výnosov na výsledok hospodárenia spoločnosti z účtovného a daňového hľadiska  |b diplomová práca  |c Andrea Ružeková ; školiteľ: Zuzana Staríčková 
264 1 |a Bratislava  |c 2011 
300 |a 67 s. 
100 1 |a Ružeková, Andrea 
700 1 |a Staríčková, Zuzana 
710 2 |a Národohospodárska fakulta EU. Katedra financií